MARC

LEADER 00000nam0a2200000 4500
001 305679
005 20260326071549.0
020 |a RU  |b 83-56939 
035 |a (RuTPU)RU\TPU\book\330951 
090 |a 305679 
100 |a 20150929d1983 km y0rusy5003 ca 
101 0 |a rus 
102 |a RU 
105 |a y z 001zb 
200 1 |a Памяти Герцена. Роль сословий и классов в освободительном движении  |f В. И. Ленин 
210 |a Москва  |c Политиздат  |d 1983 
215 |a 22 с. 
320 |a Библиография в примечаниях : с. 15-18 
320 |a Именной указатель: с. 19-21 
600 1 |a Герцен  |g Александр Иванович  |f 1812-1870  |c российский революционер  |c писатель  |c философ  |b А. И.  |2 stltpush  |3 (RuTPU)RU\TPU\pers\286 
606 |a Ленин В. И.  |j Отдельные произведения  |7 ca  |8 rus  |2 stltpush  |3 (RuTPU)RU\TPU\subj\73029  |9 86288 
610 1 |a русские революционные демократы 
610 1 |a общественная мысль 
610 0 |a классовая борьба 
610 1 |a революционное движение 
610 1 |a Россия 
610 1 |a история 
610 1 |a 19 век 
610 0 |a 20 век 
686 |a Т3(2)6-8Ленин156  |2 rubbk 
700 1 |a Ленин  |b В. И.  |g Владимир Ильич  |4 070 
801 0 |a RU  |b RuMRKP  |c 19950704  |g psbo 
801 1 |a RU  |b 63413507  |c 20150929 
801 2 |a RU  |b 63413507  |c 20180626  |g RCR 
942 |c BK